| Tag |
First Indicator |
Second Indicator |
Subfields |
| LEADER |
00000cam a22000004a 4500 |
| 001 |
in00003385937 |
| 005 |
20190405181458.0 |
| 006 |
m o d |
| 007 |
cr |||||||nn|n |
| 008 |
110705s2011 flu o d eng d |
| 010 |
|
|
|z 2011026500
|
| 020 |
|
|
|a 9780813040592
|
| 020 |
|
|
|z 9780813037486 (alk. paper)
|
| 020 |
|
|
|z 0813037484
|
| 035 |
|
|
|a (MdBmJHUP)muse9780813040592
|
| 040 |
|
|
|a MdBmJHUP
|c MdBmJHUP
|d UtOrBLW
|
| 043 |
|
|
|a n-us-nc
|
| 050 |
0 |
0 |
|a BX8568.W5
|b F47 2011
|
| 082 |
0 |
0 |
|a 284.675667
|2 23
|
| 100 |
1 |
|
|a Ferguson, Leland G.
|
| 245 |
1 |
0 |
|a God's fields :
|b landscape, religion, and race in Moravian Wachovia /
|c Leland Ferguson.
|
| 264 |
|
1 |
|a Gainesville :
|b University Press of Florida,
|c [2011]
|
| 264 |
|
4 |
|c ©2011
|
| 300 |
|
|
|a 1 online resource (xx, 276 pages :) :
|b illustrations, maps
|
| 336 |
|
|
|a text
|b txt
|2 rdacontent
|
| 337 |
|
|
|a computer
|b c
|2 rdamedia
|
| 338 |
|
|
|a online resource
|b cr
|2 rdacarrier
|
| 490 |
1 |
|
|a Cultural heritage studies
|
| 504 |
|
|
|a Includes bibliographical references (pages 247-257) and index.
|
| 588 |
|
|
|a Description based on print version record.
|
| 500 |
|
|
|a Electronic resource.
|
| 610 |
2 |
0 |
|a Moravian Church
|z North Carolina
|z Winston-Salem
|x History.
|
| 650 |
|
0 |
|a Slavery
|z North Carolina
|x History.
|
| 650 |
|
0 |
|a Excavations (Archaeology)
|z North Carolina
|z Winston-Salem.
|
| 650 |
|
0 |
|a Slavery
|x Religious aspects
|x Moravian Church.
|
| 650 |
|
0 |
|a African Americans
|z North Carolina
|z Winston-Salem
|x History.
|
| 650 |
|
0 |
|a Moravians
|z North Carolina
|z Winston-Salem
|x History.
|
| 651 |
|
0 |
|a North Carolina
|x Race relations.
|
| 651 |
|
0 |
|a Salem (Winston-Salem, N.C.)
|x Antiquities.
|
| 651 |
|
0 |
|a Salem (Winston-Salem, N.C.)
|x Church history.
|
| 655 |
|
7 |
|a Electronic books.
|2 local
|
| 830 |
|
0 |
|a Cultural heritage studies.
|
| 856 |
4 |
0 |
|u http://proxy.library.tamu.edu/login?url=http://muse.jhu.edu/books/9780813040592/
|z Connect to the full text of this electronic book
|t 0
|
| 999 |
|
|
|a MARS
|
| 999 |
f |
f |
|s ae8692f8-708c-3213-ac1d-8678429d072f
|i 49eb2923-714c-3fda-99ea-63e5fc51bfed
|t 0
|
| 952 |
f |
f |
|a Texas A&M University
|b College Station
|c Electronic Resources
|d Available Online
|t 0
|e BX8568.W5 F47 2011
|h Library of Congress classification
|
| 998 |
f |
f |
|a BX8568.W5 F47 2011
|t 0
|l Available Online
|